[Event "15th EUR-ch (w)"]
[Site "Plovdiv BUL"]
[Date "2014.07.17"]
[Round "11.20"]
[White "Guseva, Marina"]
[Black "Fuchs, Judith"]
[Result "1/2-1/2"]
[WhiteElo "2362"]
[BlackElo "2280"]
[EventDate "2014.07.06"]
[PlyCount "135"]

1.d4 Nf6 2.c4 g6 3.Nc3 Bg7 4.e4 d6 5.f3 O-O 6.Nge2 c5 7.Be3 Qa5 8.Nc1 cxd4
9.Nb3 Qh5 10.Nxd4 Nc6 11.Be2 Qh4+ 12.g3 Qh3 13.Qd2 Nxd4 14.Bxd4 Be6 15.b3 
Rfc8 16.Bf1 Qh5 17.Bg2 Qa5 18.f4 Rab8 19.Ne2 Qa3 20.O-O b5 21.f5 Bd7 22.
fxg6 hxg6 23.cxb5 Bxb5 24.Rfc1 Rxc1+ 25.Nxc1 Qa6 26.Rb1 Rc8 27.a4 Bc6 28.
Bxf6 Bxf6 29.Qd3 Qb6+ 30.Kh1 Rb8 31.Qc4 Qa5 32.Nd3 Bxa4 33.e5 Bb5 34.Qd5 
dxe5 35.Nxe5 e6 36.Qe4 Qc7 37.Nc6 Rc8 38.Rc1 Qd7 39.h4 Kg7 40.Kh2 Qd6 41.
Kh3 Bd3 42.Rd1 Bxe4 43.Rxd6 Bxg2+ 44.Kxg2 Rc7 45.b4 Rb7 46.Rd2 a6 47.Kh3 
Rb6 48.Rc2 Kf8 49.g4 Ke8 50.Rc4 Kd7 51.Nd4 Be7 52.Nf3 Rb5 53.Rd4+ Ke8 54.
Rc4 Kd7 55.Rd4+ Ke8 56.Rc4 Rxb4 57.Rc8+ Bd8 58.Ne5 Rb3+ 59.Kg2 Rb7 60.Ra8 
a5 61.Nc6 Rd7 62.h5 gxh5 63.gxh5 Kf8 64.Nxd8 Kg7 65.Nc6 Rd5 66.Rxa5 Rxa5 
67.Nxa5 Kh6 68.Nc4 1/2-1/2

[Event "15th EUR-ch (w)"]
[Site "Plovdiv BUL"]
[Date "2014.07.17"]
[Round "11.21"]
[White "Bulmaga, Irina"]
[Black "Stetsko, Lanita"]
[Result "1-0"]
[WhiteElo "2357"]
[BlackElo "2245"]
[EventDate "2014.07.06"]
[PlyCount "105"]

1.e4 e5 2.Nf3 Nc6 3.Bb5 a6 4.Ba4 Nf6 5.O-O Be7 6.Re1 b5 7.Bb3 d6 8.c3 O-O 
9.h3 Nb8 10.d4 Nbd7 11.Nbd2 Bb7 12.Bc2 Re8 13.a4 Bf8 14.Bd3 c6 15.b3 Qc7 
16.Bb2 Rad8 17.Qc2 Qb8 18.axb5 axb5 19.c4 b4 20.c5 exd4 21.Bxd4 h6 22.cxd6
Bxd6 23.Nc4 Bc5 24.Bxf6 Nxf6 25.e5 Nd5 26.e6 Rxe6 27.Rxe6 fxe6 28.Bh7+ Kf8
29.Re1 Nf6 30.Nce5 Rd5 31.Bd3 Qa7 32.Bc4 Rd6 33.Ng6+ Kf7 34.Nfe5+ Ke8 35.
Nf4 Bc8 36.Nfd3 Bd4 37.Nxc6 Qb6 38.Nxd4 Qxd4 39.Nxb4 Bb7 40.Qg6+ Kf8 41.
Nc2 Qb6 42.Ne3 Rd2 43.Qg3 Ne4 44.Qf4+ Kg8 45.Ng4 h5 46.Rxe4 Rd1+ 47.Kh2 
Bxe4 48.Qxe4 hxg4 49.Bxe6+ Kh8 50.Qxg4 Qd6+ 51.g3 g6 52.Qf3 Re1 53.Qf6+ 
1-0

[Event "15th EUR-ch (w)"]
[Site "Plovdiv BUL"]
[Date "2014.07.17"]
[Round "11.22"]
[White "Abdulla, Khayala"]
[Black "Cosma, Elena-Luminita"]
[Result "1/2-1/2"]
[WhiteElo "2233"]
[BlackElo "2344"]
[EventDate "2014.07.06"]
[PlyCount "73"]

1.e4 e6 2.d4 d5 3.e5 c5 4.c3 Nc6 5.Nf3 Bd7 6.Be2 Nge7 7.Na3 Nf5 8.Nc2 cxd4
9.cxd4 Nb4 10.Ne3 Nxe3 11.Bxe3 Rc8 12.O-O Be7 13.a3 Nc2 14.Rc1 Nxe3 15.
fxe3 Rxc1 16.Qxc1 O-O 17.Bd3 Qb6 18.Qc2 g6 19.Qf2 Qb3 20.Bb1 Bb5 21.Rc1 
Ba6 22.Rc3 Qd1+ 23.Qe1 Qxe1+ 24.Nxe1 Bg5 25.Nf3 Bh6 26.Kf2 Bb5 27.Rc7 Rb8 
28.h4 a6 29.Ne1 Bf8 30.Bd3 Be8 31.Nc2 a5 32.Ke2 h5 33.Kf3 Ba4 34.Ke2 Be8 
35.Kf3 Ba4 36.Ke2 Be8 37.Kf3 1/2-1/2

[Event "15th EUR-ch (w)"]
[Site "Plovdiv BUL"]
[Date "2014.07.17"]
[Round "11.23"]
[White "Kursova, Maria"]
[Black "Stiazhkina, Olga"]
[Result "1-0"]
[WhiteElo "2331"]
[BlackElo "2177"]
[EventDate "2014.07.06"]
[PlyCount "83"]

1.d4 d5 2.Nf3 Nf6 3.c4 dxc4 4.e3 e6 5.Bxc4 c5 6.O-O Nc6 7.Nc3 Be7 8.dxc5 
Qxd1 9.Rxd1 Bxc5 10.a3 Ke7 11.b4 Bd6 12.Bb2 Bd7 13.Be2 Rhd8 14.Nd2 Rac8 
15.Rac1 Be8 16.f4 Bc7 17.Kf2 a6 18.g4 e5 19.g5 Nd5 20.Nde4 Nxc3 21.Nxc3 
Rxd1 22.Rxd1 Kf8 23.Nd5 Bb8 24.Nb6 Rd8 25.Rxd8 Nxd8 26.Bxe5 Bxe5 27.fxe5 
Bc6 28.h4 Ne6 29.Bf3 Bxf3 30.Kxf3 Nc7 31.Ke4 Ne6 32.Nc8 h6 33.gxh6 g6 34.
Kd5 Nc7+ 35.Kc5 Nb5 36.a4 Nc3 37.a5 Na4+ 38.Kd5 Nb2 39.Kd4 Nd1 40.Nd6 Nf2 
41.Nxb7 Ng4 42.b5 1-0

[Event "15th EUR-ch (w)"]
[Site "Plovdiv BUL"]
[Date "2014.07.17"]
[Round "11.24"]
[White "Havlikova, Kristyna"]
[Black "Mammadova, Gulnar"]
[Result "0-1"]
[WhiteElo "2229"]
[BlackElo "2331"]
[EventDate "2014.07.06"]
[PlyCount "126"]

1.e4 g6 2.d4 Bg7 3.Nc3 c6 4.Nf3 d5 5.h3 Nf6 6.e5 Ne4 7.Nxe4 dxe4 8.Ng5 c5 
9.Bc4 O-O 10.dxc5 Qa5+ 11.c3 Qxc5 12.Qe2 Qxe5 13.Nxe4 Be6 14.f4 Bxc4 15.
Qxc4 b5 16.Qd3 Qf5 17.O-O Nc6 18.Qf3 b4 19.Be3 a5 20.Rad1 Rad8 21.Ng3 Qe6 
22.Rxd8 Rxd8 23.f5 Qd5 24.cxb4 Nxb4 25.a3 Qxf3 26.gxf3 Nc6 27.fxg6 hxg6 
28.b4 axb4 29.axb4 Nxb4 30.Bc5 Nc6 31.f4 Rd5 32.Bb6 Rb5 33.Bf2 Rb3 34.Kg2 
Nb4 35.Bc5 Nd5 36.Rf3 Rb2+ 37.Kh1 f5 38.h4 Rc2 39.Ba7 Bh6 40.Bb8 Rc4 41.
Ne2 Re4 42.Rf2 Bg7 43.Ba7 Ra4 44.Bc5 Rc4 45.Ba7 Bf6 46.h5 gxh5 47.Bb8 h4 
48.Ng1 Ne3 49.Re2 Nd5 50.Rf2 Kf7 51.Ne2 Rc2 52.Ba7 Ra2 53.Bc5 h3 54.Rh2 
Ra1+ 55.Bg1 Nc3 56.Nxc3 Bxc3 57.Rxh3 Bd4 58.Rg3 Ke6 59.Kh2 Rxg1 60.Rxg1 
Bxg1+ 61.Kxg1 Kd5 62.Kf2 Ke4 63.Kg3 Ke3 0-1

[Event "15th EUR-ch (w)"]
[Site "Plovdiv BUL"]
[Date "2014.07.17"]
[Round "11.25"]
[White "Ovod, Evgenia"]
[Black "Mammadzada, Gunay"]
[Result "1/2-1/2"]
[WhiteElo "2330"]
[BlackElo "2182"]
[EventDate "2014.07.06"]
[PlyCount "120"]

1.d4 d5 2.c4 c6 3.Nc3 Nf6 4.e3 e6 5.Nf3 Nbd7 6.Qc2 b6 7.Bd3 Bb7 8.b3 Be7 
9.Bb2 Qc7 10.O-O h6 11.Rad1 O-O 12.h3 Rad8 13.Ne5 dxc4 14.bxc4 Nxe5 15.
dxe5 Nd7 16.f4 Nc5 17.Be2 Rxd1 18.Rxd1 Rd8 19.Rd4 Rd7 20.Qd1 Qd8 21.Ba3 
Rxd4 22.exd4 Nd3 23.Qxd3 Bxa3 24.Ne4 Bf8 25.c5 Ba6 26.Qxa6 Qxd4+ 27.Kh1 
Qxe4 28.cxb6 axb6 29.Qc4 Qe3 30.Bg4 Bc5 31.Qf1 g6 32.Be2 h5 33.Ba6 Bd4 34.
Bb7 c5 35.Ba6 Qg3 36.Qf3 Qe1+ 37.Qf1 Qxf1+ 38.Bxf1 Bf2 39.g4 hxg4 40.hxg4 
Bg3 41.f5 exf5 42.gxf5 g5 43.e6 fxe6 44.fxe6 Bd6 45.Kg2 g4 46.Be2 g3 47.
Bc4 Kf8 48.a4 Ke7 49.Kf3 Kf6 50.Ba2 Kf5 51.e7 Bxe7 52.Kxg3 Ke4 53.Kf2 Kd3 
54.Ke1 Kc3 55.Be6 c4 56.Kd1 Bg5 57.Bf5 Kb3 58.Be6 Kxa4 59.Bxc4 b5 60.Bxb5+
Kxb5 1/2-1/2

[Event "15th EUR-ch (w)"]
[Site "Plovdiv BUL"]
[Date "2014.07.17"]
[Round "11.26"]
[White "Pogonina, Natalia"]
[Black "Mamedyarova, Turkan"]
[Result "0-1"]
[WhiteElo "2508"]
[BlackElo "2205"]
[EventDate "2014.07.06"]
[PlyCount "72"]

1.e4 c6 2.d4 d5 3.e5 Bf5 4.Nf3 e6 5.Be2 Nd7 6.O-O Ne7 7.Nbd2 Nc8 8.Nb3 Be7
9.Bf4 O-O 10.Bg3 a5 11.Nc1 c5 12.Bd3 Bg4 13.h3 Bxf3 14.Qxf3 c4 15.Be2 Qb6 
16.b3 cxb3 17.axb3 Qxd4 18.Nd3 Ncb6 19.c4 a4 20.cxd5 Nxd5 21.bxa4 Rxa4 22.
Rxa4 Qxa4 23.Nb2 Qd4 24.Nc4 b5 25.Rd1 Qc5 26.Nd2 b4 27.Nb3 Qc3 28.Rd3 Qb2 
29.Rd2 Qc3 30.Rd3 Qe1+ 31.Kh2 Nc3 32.Re3 Bg5 33.Rd3 Nxe2 34.h4 Qg1+ 35.Kh3
Qh1+ 36.Kg4 Nxe5+ 0-1

[Event "15th EUR-ch (w)"]
[Site "Plovdiv BUL"]
[Date "2014.07.17"]
[Round "11.27"]
[White "Dordzhieva, Dinara"]
[Black "Ohme, Melanie"]
[Result "1-0"]
[WhiteElo "2225"]
[BlackElo "2352"]
[EventDate "2014.07.06"]
[PlyCount "109"]

1.d4 Nf6 2.c4 g6 3.g3 Bg7 4.Bg2 O-O 5.Nc3 d6 6.Nf3 c6 7.O-O Qb6 8.e3 Qa6 
9.b3 b5 10.Qe2 b4 11.Na4 Qb7 12.Bb2 Bf5 13.Nh4 Bd7 14.e4 Na6 15.f4 e6 16.
g4 e5 17.f5 g5 18.dxe5 dxe5 19.Nf3 Nxg4 20.Nxg5 f6 21.Qxg4 fxg5 22.Qxg5 h6
23.Qg3 Kh8 24.f6 Rxf6 25.Rxf6 Bxf6 26.Bxe5 Bxe5 27.Qxe5+ Kg8 28.Rf1 Be8 
29.Qe6+ Kh7 30.e5 Qg7 31.Kh1 Bd7 32.Qf6 Re8 33.Bxc6 Bxc6+ 34.Qxc6 Nc7 35.
Rg1 Qf7 36.Qe4+ Kh8 37.Nc5 Ne6 38.Qe3 Ng5 39.e6 Qf6 40.Re1 Re7 41.Qe5 Kg7 
42.h4 Qxe5 43.Rxe5 Nf3 44.Re4 Nd2 45.Re3 a5 46.Kg2 Kf6 47.Ne4+ Nxe4 48.
Rxe4 Rg7+ 49.Kf3 Ke7 50.Re5 Rg1 51.Rxa5 Kxe6 52.Rb5 Ra1 53.Rxb4 Rxa2 54.
Rb6+ Ke5 55.Rxh6 1-0

[Event "15th EUR-ch (w)"]
[Site "Plovdiv BUL"]
[Date "2014.07.17"]
[Round "11.28"]
[White "Shadrina, Tatiana"]
[Black "Agrest, Inna"]
[Result "1-0"]
[WhiteElo "2348"]
[BlackElo "2223"]
[EventDate "2014.07.06"]
[PlyCount "163"]

1.e4 e5 2.Nf3 Nc6 3.Bb5 a6 4.Ba4 Nf6 5.O-O Bc5 6.c3 b5 7.Bc2 d5 8.exd5 
Qxd5 9.d4 exd4 10.Re1+ Be7 11.cxd4 Bg4 12.Nc3 Qh5 13.d5 Bxf3 14.gxf3 Ne5 
15.Kg2 O-O 16.f4 Nfg4 17.h3 Qh4 18.hxg4 Nxg4 19.Qf3 Qh2+ 20.Kf1 Bc5 21.Re2
Qh4 22.Qg2 Rae8 23.Ne4 Nh2+ 24.Kg1 f5 25.Qxh2 Qg4+ 26.Kf1 fxe4 27.Bxe4 
Rxe4 28.Rxe4 Qd1+ 29.Re1 Qd3+ 30.Kg1 Rf6 31.f5 Qxf5 32.Be3 Rg6+ 33.Kf1 
Qd3+ 34.Re2 Bxe3 35.fxe3 Rh6 36.Qg2 Rg6 37.Qh3 h6 38.Re1 Rg5 39.Qe6+ Kh7 
40.Kf2 Rg6 41.Qe5 Rg5 42.Qxc7 Qe4 43.Qh2 Qxd5 44.e4 Qf7+ 45.Ke3 Qxa2 46.
Rg1 Qb3+ 47.Kf2 Qf7+ 48.Ke1 Rc5 49.Rc2 Rc4 50.Rxc4 Qxc4 51.Qe2 Qc1+ 52.Kf2
Qf4+ 53.Qf3 Qd2+ 54.Kg3 Qxb2 55.Qf5+ Kh8 56.Rf1 Qc3+ 57.Kg2 b4 58.e5 Qd2+ 
59.Kh3 Qe3+ 60.Rf3 Qc1 61.e6 Qh1+ 62.Kg3 Qg1+ 63.Kf4 Qc1+ 64.Re3 Qf1+ 65.
Kg4 Qg1+ 66.Rg3 Qd1+ 67.Qf3 Qd4+ 68.Kh3 Qe5 69.Qf7 Qa1 70.Qe8+ Kh7 71.Qg6+
Kh8 72.Qe4 Qf1+ 73.Kh2 Qf2+ 74.Rg2 Qc5 75.e7 Qh5+ 76.Kg1 Qd1+ 77.Kf2 Qd2+ 
78.Kf3 Qd1+ 79.Kg3 Qd6+ 80.Kh3 Qd7+ 81.Kh4 Qe8 82.Qe5 1-0

[Event "15th EUR-ch (w)"]
[Site "Plovdiv BUL"]
[Date "2014.07.17"]
[Round "11.29"]
[White "Ibrahimova, Sabina"]
[Black "Ozturk, Kubra"]
[Result "1-0"]
[WhiteElo "2218"]
[BlackElo "2311"]
[EventDate "2014.07.06"]
[PlyCount "49"]

1.e4 e5 2.Nf3 Nc6 3.Bb5 a6 4.Ba4 Nge7 5.O-O g6 6.d4 exd4 7.Nxd4 Bg7 8.c3 
b5 9.Bc2 O-O 10.Be3 Bb7 11.Nd2 Nxd4 12.Bxd4 f5 13.Bb3+ d5 14.Bc5 Kh8 15.
exd5 Re8 16.Nf3 Nxd5 17.Qd2 Qd7 18.Rad1 Rad8 19.Rfe1 h6 20.Rxe8+ Qxe8 21.
Re1 Qc6 22.Ne5 Qf6 23.Be7 Nxe7 24.Qxd8+ Kh7 25.Nd7 1-0

[Event "15th EUR-ch (w)"]
[Site "Plovdiv BUL"]
[Date "2014.07.17"]
[Round "11.30"]
[White "Ambartsumova, Karina"]
[Black "Tsolakidou, Stavroula"]
[Result "0-1"]
[WhiteElo "2301"]
[BlackElo "2157"]
[EventDate "2014.07.06"]
[PlyCount "60"]

1.e4 c5 2.Nf3 d6 3.d4 cxd4 4.Nxd4 Nf6 5.Nc3 a6 6.Be3 e5 7.Nb3 Be6 8.h3 Be7
9.Qf3 b5 10.O-O-O b4 11.Nd5 Nxd5 12.exd5 Bc8 13.g4 O-O 14.Bd3 a5 15.h4 Ba6
16.Be4 a4 17.Nc5 Bc8 18.Nd3 Qc7 19.Kb1 a3 20.b3 Nd7 21.Qg2 Nf6 22.f3 Bb7 
23.Nxb4 Qc3 24.Nd3 Bxd5 25.Bd2 Qd4 26.c3 Qb6 27.Bxd5 Nxd5 28.Qf2 Qa6 29.
Kc2 Rfc8 30.Qe2 Nb4+ 0-1

[Event "15th EUR-ch (w)"]
[Site "Plovdiv BUL"]
[Date "2014.07.17"]
[Round "11.31"]
[White "Golubenko, Valentina"]
[Black "Kazimova, Narmin"]
[Result "0-1"]
[WhiteElo "2292"]
[BlackElo "2180"]
[EventDate "2014.07.06"]
[PlyCount "104"]

1.d4 e6 2.c4 b6 3.e4 Bb7 4.Bd3 f5 5.exf5 Bxg2 6.Qh5+ g6 7.fxg6 Bg7 8.gxh7+
Kf8 9.hxg8=Q+ Kxg8 10.Qg4 Bxh1 11.Bg5 Qf8 12.Nd2 Rxh2 13.Nh3 Nc6 14.O-O-O 
Nxd4 15.Rg1 Nf3 16.Qh5 Nxg5 17.Rxg5 Qf6 18.Qh7+ Kf8 19.Rh5 Qxb2+ 20.Kd1 
Qa1+ 21.Ke2 Qd4 22.Nf1 Qg4+ 23.Kd2 Bf3 24.Rh4 Rxh3 25.Rxh3 Qf4+ 26.Ne3 Bg2
27.Qh4 Qxh4 28.Rxh4 Bc6 29.f4 Kf7 30.f5 Rh8 31.Rf4 Rh2+ 32.Ke1 Bh6 33.Rf2 
Rxf2 34.Kxf2 Bxe3+ 35.Kxe3 exf5 36.Bxf5 Ke7 37.Kd4 Kd6 38.Bc2 Bb7 39.a4 
c5+ 40.Kc3 Ke5 41.Bd1 Bc6 42.Kb3 Kd4 43.Be2 a5 44.Bg4 d6 45.Be2 Be4 46.Bg4
Bd3 47.Be6 Be2 48.Bd5 Bd1+ 49.Ka3 Kc3 50.Bg2 Kxc4 51.Bf1+ Kd4 52.Bb5 d5 
0-1

[Event "15th EUR-ch (w)"]
[Site "Plovdiv BUL"]
[Date "2014.07.17"]
[Round "11.33"]
[White "Olsarova, Tereza"]
[Black "Petrukhina, Irina"]
[Result "1-0"]
[WhiteElo "2251"]
[BlackElo "2156"]
[EventDate "2014.07.06"]
[PlyCount "61"]

1.e4 c5 2.Nf3 d6 3.d4 cxd4 4.Nxd4 Nf6 5.Nc3 a6 6.h3 e6 7.g4 d5 8.exd5 Nxd5
9.Nde2 h5 10.Nxd5 exd5 11.Bg2 Nc6 12.gxh5 Rxh5 13.Be3 Be6 14.Qd2 Qh4 15.
O-O-O Bb4 16.c3 Rc8 17.Nf4 Ne5 18.Bxd5 Bf5 19.Rhe1 Rxc3+ 20.bxc3 Ba3+ 21.
Qb2 Bxb2+ 22.Kxb2 Kf8 23.Rd4 Kg8 24.Bd2 Bd7 25.Nxh5 Qxh5 26.Bb3 Bc6 27.Bf4
Nf3 28.Rd8+ Kh7 29.Re7 f5 30.Bg8+ Kg6 31.Rd6# 1-0

[Event "15th EUR-ch (w)"]
[Site "Plovdiv BUL"]
[Date "2014.07.17"]
[Round "11.34"]
[White "Peptan, Corina-Isabela"]
[Black "Mirzoeva, Elmira"]
[Result "1-0"]
[WhiteElo "2453"]
[BlackElo "2241"]
[EventDate "2014.07.06"]
[PlyCount "73"]

1.e4 c6 2.d4 d5 3.exd5 cxd5 4.c4 Nf6 5.Nc3 e6 6.Nf3 Bb4 7.cxd5 Nxd5 8.Bd2 
Nc6 9.Bd3 O-O 10.O-O Be7 11.a3 Bf6 12.Qe2 b6 13.Qe4 g6 14.Nxd5 exd5 15.Qf4
Bb7 16.Rfe1 Bg7 17.Ne5 Rc8 18.Rad1 a5 19.h4 Rc7 20.h5 Nxe5 21.dxe5 d4 22.
Qg3 Bd5 23.f4 gxh5 24.Qh3 f6 25.Qxh5 Bh8 26.e6 Bb3 27.Rc1 Re7 28.f5 Rfe8 
29.Re4 Rg7 30.Bh6 Bd5 31.Bxg7 Bxg7 32.Qf7+ Kh8 33.Rxd4 Rf8 34.Qd7 Bh6 35.
Rxd5 Be3+ 36.Kf1 Qxd7 37.exd7 1-0

[Event "15th EUR-ch (w)"]
[Site "Plovdiv BUL"]
[Date "2014.07.17"]
[Round "11.36"]
[White "Kulon, Klaudia"]
[Black "Sazonova, Anastasia"]
[Result "1-0"]
[WhiteElo "2341"]
[BlackElo "2082"]
[EventDate "2014.07.06"]
[PlyCount "83"]

1.c4 Nf6 2.g3 g6 3.Bg2 Bg7 4.Nc3 d6 5.e4 O-O 6.Nge2 e5 7.O-O Nbd7 8.d3 a5 
9.h3 Nc5 10.Be3 Nfd7 11.Qc2 Ne6 12.f4 c6 13.f5 Nd4 14.Qd2 Nc5 15.g4 Rb8 
16.Ng3 b6 17.Rf2 Rb7 18.Raf1 f6 19.Bxd4 exd4 20.Nce2 Rd7 21.Nxd4 Bb7 22.
Nge2 g5 23.Nc3 Re8 24.b3 Qe7 25.a3 Rdd8 26.b4 axb4 27.axb4 Nd7 28.b5 c5 
29.Ne6 Rb8 30.Ra1 Nf8 31.Nd5 Bxd5 32.exd5 Ra8 33.Rff1 Qb7 34.Ra6 Nd7 35.
Rfa1 Ne5 36.Be4 Reb8 37.R1a3 Rxa6 38.Rxa6 Ra8 39.Qa2 Rxa6 40.bxa6 Qa7 41.
Qa4 Kf7 42.Nc7 1-0

[Event "15th EUR-ch (w)"]
[Site "Plovdiv BUL"]
[Date "2014.07.17"]
[Round "11.38"]
[White "Blagojevic, Tijana"]
[Black "Sandu, Mihaela"]
[Result "0-1"]
[WhiteElo "2154"]
[BlackElo "2308"]
[EventDate "2014.07.06"]
[PlyCount "108"]

1.e4 c5 2.Nf3 d6 3.Bb5+ Bd7 4.Bxd7+ Qxd7 5.O-O Nf6 6.Re1 Nc6 7.b3 g6 8.c3 
Bg7 9.d4 cxd4 10.cxd4 d5 11.e5 Ne4 12.Bb2 O-O 13.Nbd2 Nxd2 14.Qxd2 Rfc8 
15.Rac1 Nd8 16.Ba3 Bf8 17.h3 Ne6 18.Bb4 h5 19.Rxc8 Rxc8 20.Rc1 Ng7 21.Nh4 
Ne6 22.Nf3 b6 23.Kh2 Ng7 24.Nh4 Ne6 25.Nf3 a5 26.Ba3 Ng7 27.Rxc8 Qxc8 28.
Qd3 Qc6 29.Qa6 Qc2 30.Qxb6 Qxf2 31.Qxa5 Qxa2 32.b4 Nf5 33.Bc1 Qb1 34.Bf4 
Qe4 35.Bg3 Nxg3 36.Kxg3 Bh6 37.b5 Bf4+ 38.Kf2 Qe3+ 39.Kf1 Qd3+ 40.Kg1 Qb1+
41.Kf2 Qb2+ 42.Ke1 Qb1+ 43.Kf2 Qc2+ 44.Kg1 Qc1+ 45.Kf2 Qe3+ 46.Kf1 Bg3 47.
Qd2 Qb3 48.Qe2 Qb1+ 49.Ne1 h4 50.e6 f6 51.Qd2 Qxb5+ 52.Qd3 Qe8 53.Nc2 Kg7 
54.Qa3 Qb5+ 0-1

[Event "15th EUR-ch (w)"]
[Site "Plovdiv BUL"]
[Date "2014.07.17"]
[Round "11.40"]
[White "Radeva, Viktoria"]
[Black "Olsarova, Karolina"]
[Result "0-1"]
[WhiteElo "1937"]
[BlackElo "2274"]
[EventDate "2014.07.06"]
[PlyCount "138"]

1.e4 Nf6 2.e5 Nd5 3.d4 d6 4.c4 Nb6 5.exd6 cxd6 6.Nc3 g6 7.Be3 Bg7 8.Rc1 
O-O 9.b3 Nc6 10.d5 Ne5 11.Be2 f5 12.h3 f4 13.Bd4 Nbd7 14.Qd2 Qa5 15.Nb5 
Qxd2+ 16.Kxd2 Nc5 17.Bxc5 dxc5 18.Nf3 Bf5 19.Rhe1 Rad8 20.Nxe5 Bxe5 21.Bd3
Bd6 22.Bxf5 Rxf5 23.Re6 Rg5 24.Rg1 a6 25.Nc3 Re5 26.Rxe5 Bxe5 27.Ne4 Bd4 
28.Ke2 h6 29.h4 b5 30.Rc1 bxc4 31.bxc4 Rb8 32.Rc2 Rb1 33.Kf3 Rh1 34.Kxf4 
Rxh4+ 35.Kf3 Rh1 36.Nd2 Be5 37.Ke4 Re1+ 38.Kd3 Rd1 39.Ke2 Rh1 40.Nf1 h5 
41.Rc1 h4 42.Rb1 Kf7 43.Nd2 Rxb1 44.Nxb1 Kf6 45.Kf3 Kf5 46.g3 h3 47.Nd2 
Bc3 48.Nf1 Ke5 49.Ke3 Bd4+ 50.Kf3 Bb2 51.Ke3 Kf5 52.Kf3 Bc1 53.g4+ Ke5 54.
Ng3 Bf4 55.Ne2 g5 56.a3 Bd2 57.a4 Bf4 58.a5 Bd2 59.Kg3 Ke4 60.Kxh3 Kd3 61.
Ng3 Kxc4 62.Nf5 Kxd5 63.Nxe7+ Ke4 64.Kg3 c4 65.f3+ Kd3 66.Nc6 Bf4+ 67.Kf2 
c3 68.Ke1 Bd6 69.Kd1 c2+ 0-1

[Event "15th EUR-ch (w)"]
[Site "Plovdiv BUL"]
[Date "2014.07.17"]
[Round "11.41"]
[White "Manakova, Maria"]
[Black "Avramidou, Anastasia"]
[Result "1/2-1/2"]
[WhiteElo "2273"]
[BlackElo "2007"]
[EventDate "2014.07.06"]
[PlyCount "211"]

1.d4 d6 2.e4 Nf6 3.Nc3 c6 4.Bg5 Nbd7 5.Qd2 e5 6.f3 Be7 7.O-O-O O-O 8.h4 b5
9.Kb1 a6 10.g4 Bb7 11.Be3 exd4 12.Bxd4 b4 13.Nce2 c5 14.Bxf6 Nxf6 15.g5 
Nd7 16.Bg2 Nb6 17.Nf4 Bc6 18.Nd5 Bxd5 19.exd5 c4 20.Qd4 Na4 21.Qxc4 Qa5 
22.Ne2 Rfc8 23.Qb3 Nc3+ 24.Nxc3 bxc3 25.Qa3 Qb6 26.Bh3 Rc7 27.Rd3 cxb2 28.
Qxb2 Qf2 29.Bg4 Re8 30.Rb3 Bf8 31.h5 a5 32.a4 Re1+ 33.Rxe1 Qxe1+ 34.Qc1 
Qe5 35.Qd2 Rc5 36.Rb5 Rxb5+ 37.axb5 Be7 38.f4 Qe4 39.b6 Qa4 40.Qe3 Bd8 41.
b7 Bc7 42.Kc1 Kf8 43.g6 hxg6 44.hxg6 Qe8 45.Qc3 Qe4 46.Qxa5 Bxa5 47.b8=Q+ 
Qe8 48.Qxd6+ Qe7 49.Qb8+ Qe8 50.Qd6+ Qe7 51.Qb8+ Qe8 52.Qxe8+ Kxe8 53.
gxf7+ Kxf7 54.Kb2 Ke7 55.Kb3 Kd6 56.Kc4 Bb6 57.Be6 Be3 58.f5 Bg5 59.Kb5 
Be3 60.Kc4 Bg5 61.Kd4 Bf6+ 62.Ke4 Bg5 63.Bf7 Ke7 64.Bh5 Kd6 65.c4 Bf6 66.
Kf4 Kc5 67.Be2 Kd6 68.Bf1 Bd8 69.Bg2 Bf6 70.Bf3 Kc5 71.Be2 Kd6 72.Kg4 Ke5 
73.Bf3 Kd4 74.Be2 Ke5 75.Bf1 Be7 76.Bg2 Kd4 77.Kh5 Kxc4 78.Kg6 Bf6 79.Kf7 
Kc5 80.Ke6 Bg5 81.d6 Bf6 82.Bf3 Kb6 83.Kf7 Kc5 84.Ke6 Kb6 85.Bg2 Kc5 86.
Bf3 Kb6 87.Be4 Kc5 88.Bc2 Kb6 89.Ba4 Kc5 90.Bd7 Kb6 91.Kd5 Bd8 92.Bc8 Bf6 
93.Ke6 Kc5 94.Bb7 Kb6 95.Bf3 Kc5 96.Bg2 Bd8 97.Kd7 Bf6 98.Ke6 Bd8 99.d7 
Kb6 100.Kf7 Kc7 101.Ke8 Bf6 102.Bf1 Bg5 103.Bb5 Bf6 104.Ba4 Bg5 105.Kf7 
Bf6 106.Ke8 1/2-1/2

[Event "15th EUR-ch (w)"]
[Site "Plovdiv BUL"]
[Date "2014.07.17"]
[Round "11.42"]
[White "Bokuchava, Madona"]
[Black "Foisor, Mihaela-Veronica"]
[Result "1/2-1/2"]
[WhiteElo "2027"]
[BlackElo "2257"]
[EventDate "2014.07.06"]
[PlyCount "118"]

1.d4 Nf6 2.Nf3 e6 3.c4 d5 4.cxd5 exd5 5.Nc3 c6 6.Qc2 Be7 7.Bg5 Nbd7 8.e3 
O-O 9.Bd3 Re8 10.h3 Nf8 11.Ne5 Ne4 12.Bxe7 Qxe7 13.Nxe4 dxe4 14.Bc4 Be6 
15.O-O f6 16.Bxe6+ Qxe6 17.Nc4 Ng6 18.Qb3 Rad8 19.Na5 Qxb3 20.Nxb3 f5 21.
Rac1 f4 22.Na5 Re7 23.b4 Rd5 24.Rc5 b6 25.Rxd5 cxd5 26.Nc6 Rc7 27.b5 Kf7 
28.Rc1 Ke8 29.Rc3 fxe3 30.Rxe3 Ne7 31.Nxe7 Kxe7 32.f3 Kd6 33.Kh2 Rc2 34.
fxe4 dxe4 35.Rxe4 Rxa2 36.Rh4 h6 37.Rg4 g5 38.h4 gxh4 39.Rxh4 Kd5 40.Rxh6 
Kxd4 41.Rc6 Ra5 42.Rc7 Ke5 43.Kh3 Kd6 44.Rc6+ Kd7 45.Rg6 Rxb5 46.Rg7+ Kc6 
47.Rxa7 Rb1 48.g4 b5 49.g5 b4 50.Ra8 Rh1+ 51.Kg4 Kd5 52.Rb8 Kc4 53.g6 b3 
54.Kg5 Kc3 55.g7 b2 56.Rxb2 Kxb2 57.Kg6 Rg1+ 58.Kf7 Rf1+ 59.Ke7 Rg1 
1/2-1/2

[Event "15th EUR-ch (w)"]
[Site "Plovdiv BUL"]
[Date "2014.07.17"]
[Round "11.43"]
[White "Ionescu, Irina"]
[Black "Azimova, Karina"]
[Result "1-0"]
[WhiteElo "2253"]
[BlackElo "2033"]
[EventDate "2014.07.06"]
[PlyCount "135"]

1.e4 e5 2.Nf3 d6 3.Bc4 Be7 4.O-O Nf6 5.Re1 O-O 6.c3 c6 7.d4 d5 8.dxe5 Nxe4
9.Bd3 f5 10.exf6 Nxf6 11.Bg5 Bg4 12.Nbd2 Nbd7 13.Qc2 h6 14.Bh4 Nc5 15.Bh7+
Kh8 16.Ne5 Bh5 17.Bg6 Nfe4 18.Bg3 Bd6 19.Nxe4 Nxe4 20.Bxe4 dxe4 21.Qxe4 
Bxe5 22.Qxe5 Bg6 23.Rad1 Qf6 24.Qxf6 Rxf6 25.Rd7 Rf7 26.Rd6 Bf5 27.f3 Kh7 
28.Bf2 a5 29.g4 Bc2 30.Kg2 Raf8 31.Re3 Bb1 32.a3 Ba2 33.Kg3 Bd5 34.Rxd5 
cxd5 35.Rd3 Rd7 36.Bb6 a4 37.Rd4 Rf6 38.Rb4 Rc6 39.Bd4 Rc4 40.Rb5 Kg6 41.
f4 Kf7 42.h4 g6 43.Ra5 Ke8 44.f5 Kf7 45.Ra8 gxf5 46.gxf5 Re7 47.Rd8 Rcc7 
48.Rh8 Rc6 49.Rd8 Rcc7 50.Rxd5 Re2 51.Rb5 Re4 52.Rb6 h5 53.Rf6+ Ke7 54.Rh6
Rxd4 55.cxd4 Rc2 56.Rb6 Rd2 57.Kf4 Rxd4+ 58.Kg5 Rd5 59.Kg6 Rd7 60.Kg7 Ke8+
61.Kg8 Rd4 62.Rxb7 Rf4 63.Rb4 Rxf5 64.Rxa4 Kd7 65.Kg7 Kc6 66.Kg6 Rb5 67.
Rc4+ Kd5 68.Rb4 1-0

[Event "15th EUR-ch (w)"]
[Site "Plovdiv BUL"]
[Date "2014.07.17"]
[Round "11.44"]
[White "Ptacnikova, Lenka"]
[Black "Salimova, Nurgyul"]
[Result "1-0"]
[WhiteElo "2310"]
[BlackElo "1908"]
[EventDate "2014.07.06"]
[PlyCount "119"]

1.d4 Nf6 2.Nf3 e6 3.e3 c5 4.Bd3 d5 5.c3 Nc6 6.Nbd2 Bd6 7.O-O O-O 8.dxc5 
Bxc5 9.e4 Qc7 10.Qe2 Bd6 11.h3 Ne5 12.Nxe5 Bxe5 13.exd5 exd5 14.Nf3 Bf4 
15.Re1 Bd7 16.Bxf4 Qxf4 17.Qe5 Qxe5 18.Nxe5 Bc6 19.Bc2 Rad8 20.Rad1 Rfe8 
21.f3 Re6 22.Kf2 Rde8 23.Nxc6 bxc6 24.b4 Kf8 25.Ba4 Rc8 26.c4 Rxe1 27.Rxe1
g6 28.Rc1 Ke7 29.cxd5 Nxd5 30.a3 Kd6 31.Bb3 Rb8 32.Bc4 f5 33.Rd1 Rd8 34.f4
Kc7 35.Bxd5 cxd5 36.Rc1+ Kd6 37.b5 d4 38.Rc6+ Kd5 39.Rc7 Rb8 40.a4 a6 41.
bxa6 Ke4 42.a7 Ra8 43.Rxh7 Kxf4 44.Re7 Kg5 45.g3 Kf6 46.Rb7 Ke5 47.Ke2 Ke4
48.Re7+ Kd5 49.Kd3 Kd6 50.Rg7 Kd5 51.h4 Kc5 52.a5 Kd5 53.a6 Kc5 54.Rxg6 
Rxa7 55.Rf6 f4 56.g4 f3 57.g5 f2 58.Rf5+ Kb4 59.Rxf2 Rxa6 60.Kxd4 1-0

[Event "15th EUR-ch (w)"]
[Site "Plovdiv BUL"]
[Date "2014.07.17"]
[Round "11.45"]
[White "Vovk, Oksana"]
[Black "Pavlidou, Ekaterini"]
[Result "0-1"]
[WhiteElo "2083"]
[BlackElo "2209"]
[EventDate "2014.07.06"]
[PlyCount "84"]

1.Nf3 Nf6 2.d4 e6 3.c4 b6 4.a3 Bb7 5.Nc3 d5 6.cxd5 exd5 7.Bf4 a6 8.e3 Be7 
9.h3 O-O 10.Be2 Nbd7 11.O-O c5 12.Ne5 Nxe5 13.Bxe5 c4 14.Bf3 b5 15.Qc2 Bc6
16.Qf5 g6 17.Qc2 Qd7 18.b3 Qe6 19.bxc4 bxc4 20.Rfb1 Ne4 21.Nxe4 dxe4 22.
Be2 Bd5 23.Qc3 Qc6 24.Bd1 f6 25.Bg3 Bd6 26.Bxd6 Qxd6 27.Be2 Qc7 28.Rb4 Kh8
29.Rc1 Rac8 30.Ra4 Rb8 31.Qa5 Qd7 32.Bxc4 Rfc8 33.Bxd5 Rxc1+ 34.Kh2 Qd6+ 
35.g3 Rb2 36.Bxe4 Rxf2+ 37.Bg2 Rcc2 38.Qe1 Rxg2+ 39.Kh1 Rh2+ 40.Kg1 Qc6 
41.e4 Rcg2+ 42.Kf1 Qb5+ 0-1

[Event "15th EUR-ch (w)"]
[Site "Plovdiv BUL"]
[Date "2014.07.17"]
[Round "11.46"]
[White "Ivanova, Simoneta"]
[Black "Isgandarova, Khayala"]
[Result "0-1"]
[WhiteElo "2038"]
[BlackElo "2184"]
[EventDate "2014.07.06"]
[PlyCount "68"]

1.d4 Nf6 2.c4 g6 3.Nc3 Bg7 4.e4 d6 5.Nf3 O-O 6.h3 e5 7.d5 Nh5 8.g3 f5 9.
exf5 gxf5 10.Ng5 Nf6 11.g4 Qe7 12.Ne6 Bxe6 13.dxe6 Qxe6 14.g5 Nfd7 15.Nd5 
Na6 16.c5 Ndxc5 17.Bc4 Kh8 18.Qe2 b5 19.Rg1 bxc4 20.g6 Nd3+ 21.Kf1 Nxc1 
22.Qxc4 c6 23.Qxa6 Qxd5 24.Rxc1 Qb5+ 25.Qxb5 cxb5 26.gxh7 Rac8 27.Rd1 Rf6 
28.Rg3 Kxh7 29.Ra3 Rf7 30.Ra5 Rb7 31.Rxd6 Rc1+ 32.Kg2 Bh6 33.Rda6 Rg7+ 34.
Kf3 Rc2 0-1